Hội thoại đàm phán thương mại Hàn - Việt

Cuốn sách cung cấp kiến thức cơ bản về thông dịch, giao dịch Hàn Việt liên quan đến chủ đề đàm phán thương mại.

Salvato in:
Dettagli Bibliografici
Natura: Libro
Lingua:Undetermined
Pubblicazione: Hà Nội Từ điển Bách khoa 2012
Soggetti:
Tags: Aggiungi Tag
Nessun Tag, puoi essere il primo ad aggiungerne! !
Thư viện lưu trữ: Trung tâm Học liệu Trường Đại học Cần Thơ
LEADER 00921nam a2200193Ia 4500
001 CTU_226436
008 210402s9999 xx 000 0 und d
082 |a 495.7824 
082 |b H452 
245 0 |a Hội thoại đàm phán thương mại Hàn - Việt 
245 0 |c Lã Thị Thanh Mai, Trần Thị Hường, Đỗ Thúy Hằng (Biên soạn) ; Kim Dong Hyun (Hiệu đính) 
260 |a Hà Nội 
260 |b Từ điển Bách khoa 
260 |c 2012 
520 |a Cuốn sách cung cấp kiến thức cơ bản về thông dịch, giao dịch Hàn Việt liên quan đến chủ đề đàm phán thương mại. 
650 |a Korean language,Tiếng Hàn Quốc 
650 |x Study and teaching,Foreign speakers,Dạy và học,Nói tiếng nước ngoài 
910 |b nthai 
980 |a Trung tâm Học liệu Trường Đại học Cần Thơ